Budovanie rozvinutej socialistickej spoločnosti v ČSSR

Saved in:
Bibliographic Details
Main Author: Sládková, Mária
Other Authors: Duda, Anton
Format: Book
Language:Slovak
Published: Bratislava Vysoká škola ekonomická 1987
Edition:1. vyd.
Tags: Add Tag
No Tags, Be the first to tag this record!

MARC

LEADER 00000nam a2200000 4500
001 c023652
005 20221219094333.7
041 0 |a slo 
044 |a SK 
245 1 0 |a Budovanie rozvinutej socialistickej spoločnosti v ČSSR  |c Mária Sládková, Anton Duda 
250 |a 1. vyd. 
264 1 |a Bratislava  |b Vysoká škola ekonomická  |c 1987 
300 |a 129 s. 
100 1 |a Sládková, Mária 
700 1 |a Duda, Anton